书目信息 |
| 题名: |
室内设计与实训
|
|
| 作者: | 马文娟 , 张立君 , 年江 主编 | |
| 分册: | ||
| 出版信息: | 西安 西安交通大学出版社 2014.12 |
|
| 页数: | 149页 | |
| 开本: | 26cm | |
| 丛书名: | ||
| 单 册: | ||
| 中图分类: | TU238.2 | |
| 科图分类: | ||
| 主题词: | 室内装饰设计--shi nei zhuang shi she ji--高等教育--教材 | |
| 电子资源: | ||
| ISBN: | 978-7-5605-6352-7 | |
| 000 | 01264nam0 2200325 450 | |
| 001 | 0100195226 | |
| 005 | 20201116140614.28 | |
| 010 | @a978-7-5605-6352-7@dCNY49.00 | |
| 100 | @a20151029d2014 em y0chiy50 ea | |
| 101 | 0 | @achi |
| 102 | @aCN@b610000 | |
| 105 | @aa a 000yy | |
| 106 | @ar | |
| 200 | 1 | @a 室内设计与实训@Ashi nei she ji yu shi xun@f马文娟, 张立君, 年江主编@Fma wen juan , zhang li jun , nian jiang zhu bian |
| 210 | @a西安@c西安交通大学出版社@d2014.12 | |
| 215 | @a149页@c图 (部分彩图)@d26cm | |
| 312 | @a英文题名取自封面 | |
| 320 | @a有书目 (第149页) | |
| 330 | @a本书全面而系统地介绍了室内设计的专业知识和技能, 主要内容为: 室内设计的含义、基本内容、分类及方法、室内设计的风格与流派、室内设计的依据及特点、人体工程学对室内设计的影响、室内设计的空间和界面、室内家具、陈设、绿化与室内设计等。 | |
| 333 | @a高等教育美术专业与艺术设计专业“十二五”规划教材 | |
| 510 | 1 | @aArts & design@zeng |
| 540 | @a室内设计与实训 | |
| 606 | 0 | @a室内装饰设计@Ashi nei zhuang shi she ji@x高等教育@j教材 |
| 690 | @aTU238.2@v5 | |
| 701 | 0 | @a马文娟@Ama wen juan@4主编 |
| 701 | 0 | @a张立君@Azhang li jun@4主编 |
| 701 | 0 | @a年江@Anian jiang@4主编 |
| 801 | @aCN | |
| 901 | @a19 | |
| 905 | @a河南城建学院图书馆@b1274577-9@dTU238.2@eM183@f3 | |
| 室内设计与实训/马文娟, 张立君, 年江主编.-西安:西安交通大学出版社,2014.12 |
| 149页:图 (部分彩图);26cm |
| 使用对象:高等教育美术专业与艺术设计专业“十二五”规划教材 |
| ISBN 978-7-5605-6352-7:CNY49.00 |
| 本书全面而系统地介绍了室内设计的专业知识和技能, 主要内容为: 室内设计的含义、基本内容、分类及方法、室内设计的风格与流派、室内设计的依据及特点、人体工程学对室内设计的影响、室内设计的空间和界面、室内家具、陈设、绿化与室内设计等。 |
| ● |
| 相关链接 |
|
|
|
正题名: 室内设计与实训
索取号:TU238.2/M183
 
预约/预借
| 序号 | 登录号 | 条形码 | 馆藏地/架位号 | 状态 | 备注 |
| 1 | 1274577 | 212745775 | 建筑库101/101建筑库 55排6列2层/ [索取号:TU238.2/M183] | 在馆 | |
| 2 | 1274578 | 212745782 | 建筑库101/101建筑库 55排6列2层/ [索取号:TU238.2/M183] | 在馆 | |
| 3 | 1274579 | 212745799 | 建筑与城市规划学院资料室/101建筑库 28排4列3层/ [索取号:TU238.2/M183] | 在馆 |